[Event "73rd RUS-ch Higher League 2020"]
[Site "Sochi"]
[Date "2020.10.08"]
[Round "1.9"]
[White "Riazantsev, Alexander"]
[Black "Kardashevskiy, Evgeny"]
[Result "1-0"]
[WhiteElo "2638"]
[BlackElo "2449"]
[Annotator "TA"]
[PlyCount "57"]
[EventDate "2020.10.08"]
[EventType "swiss"]
[EventCountry "RUS"]
[SourceTitle "playchess.com"]
[Source "ChessBase"]
[SourceQuality "1"]

{[%evp 12,57,7,9,9,3,14,14,9,21,19,0,0,-20,0,-48,12,7,0,-8,-23,0,11,-25,-25,-141,0,9,143,150,149,8,180,16,23,0,867,856,1089,1081,1363,1360,29984,29985,29987,29988,29987,29988]} 1. d4 Nf6 2. c4 e6 3. Nc3 Bb4 4. e3 O-O 5. Bd3 c5 6. Nf3 d5 7. cxd5 exd5 {E53: Nimzo-Indian: Rubinstein: Main Line (4...0-0 5 Nf3 d5 6 Bd3 c5 7 0-0).} 8. dxc5 Nbd7 9. O-O Nxc5 {The position is equal.} 10. Ne2 Bg4 11. Bc2 {Strongly threatening a3.} Ne6 12. Bd2 {[#]} Bd6 $146 ({Predecessor:} 12... Qa5 13. Bxb4 Qxb4 14. Ne5 Bh5 15. Nd3 Qb6 16. Qd2 d4 17. Nef4 dxe3 18. Qxe3 Nd4 19. Nxh5 Nxh5 {0-1 (46) Hanif,M-Kayser,P (2195) ICCF email 2013}) 13. h3 Bh5 (13... Bxf3 $1 $15 14. gxf3 d4) 14. Bc3 Ne4 15. g4 Bg6 16. Kg2 Kh8 17. Rc1 f5 18. Ne5 ({Not} 18. Qxd5 $2 fxg4 19. hxg4 Rxf3 $1 $19 {[%mdl 512]}) (18. Ng3 $11) 18... Qh4 (18... fxg4 $17 19. hxg4 Bxe5 20. Bxe5 Qg5) 19. Bxe4 $11 fxe4 (19... fxg4 $11 20. Bxd5 (20. Bxg6 $2 Qxh3+ 21. Kg1 Ng5 $19) 20... Bxe5 21. Bxe5 Be4+ 22. Kg1 Bf3 23. Bxf3 gxf3) 20. Qxd5 $16 {[%mdl 64] Double Attack} Ng5 {[#]} 21. Qxd6 (21. Ng1 $1 $16 Bxe5 22. Bxe5) 21... Qxh3+ $11 22. Kg1 {Black must now prevent Qe7!} Rf6 $1 {[%cal Rf6d6]} 23. Qc7 {Nf4 is the strong threat.} Re8 $2 {[%mdl 8192] [#]} (23... Rg8 $11) 24. Nf4 $1 $18 Qh4 25. Kg2 Rxe5 26. Qc8+ ({Weaker is} 26. Bxe5 Qxg4+ 27. Kh1 Qh4+ 28. Kg2 Qg4+ 29. Kh1 Qh4+ 30. Kg2 Qg4+ $11) 26... Be8 27. Bxe5 {White mates.} Re6 {[#]} 28. Ng6+ $1 hxg6 {[#]} (28... Rxg6 29. Qxe8#) 29. Rh1 $1 {Accuracy: White = 73%, Black = 54%.} 1-0

[Event "73rd RUS-ch Higher League 2020"]
[Site "Sochi"]
[Date "2020.10.08"]
[Round "1.10"]
[White "Pogosyan, Stefan"]
[Black "Demchenko, Anton"]
[Result "0-1"]
[WhiteElo "2442"]
[BlackElo "2632"]
[Annotator "TA"]
[PlyCount "73"]
[EventDate "2020.10.08"]
[EventType "swiss"]
[EventCountry "RUS"]
[SourceTitle "playchess.com"]
[Source "ChessBase"]
[SourceQuality "1"]

{[%evp 22,73,19,11,29,10,34,0,0,0,0,0,0,0,-6,-24,-31,-29,-17,-4,13,0,-14,-34,-54,-58,-50,-44,-51,-52,-45,-26,-14,-18,-14,-31,14,-37,-37,-45,-52,-69,-72,-194,-179,-257,-252,-472,-215,-429,-291,-667,-677,-627]} 1. d4 Nf6 2. c4 g6 3. Nc3 Bg7 4. g3 O-O 5. Bg2 d6 6. Nf3 Nc6 7. O-O Rb8 8. b3 a6 9. Bb2 b5 10. cxb5 axb5 11. Rc1 b4 12. Na4 Na5 {E63: King's Indian: Fianchetto: Panno Variation with 7...a6.} 13. Qc2 c6 14. e4 Ba6 {The position is equal.} 15. Rfe1 Bb5 16. Ba1 Bxa4 17. bxa4 {[#]} e6 $146 ({Predecessor:} 17... Qb6 18. Nd2 Nd7 19. e5 d5 20. Nb3 e6 21. f4 Rfc8 22. Qf2 Nc4 23. Bf1 Ra8 24. Bxc4 dxc4 25. Rxc4 Rxa4 {½-½ (45) Paehtz,T (2366)-Koepke,C (2290) Germany 2018}) 18. Nd2 Bh6 19. f4 Qb6 20. Nb3 Bg7 21. Kh1 Rfd8 22. Bf3 Ra8 23. g4 d5 24. e5 Nd7 25. Be2 Rdc8 26. Bd3 Qd8 27. Qf2 Nc4 28. f5 Qg5 29. Rg1 (29. f6 $11 Bf8 30. Be2) 29... Rxa4 $15 30. Bxc4 dxc4 31. Rxc4 Qd8 {Hoping for ...Nxe5!} ({But not} 31... gxf5 $2 32. gxf5 Qxf5 33. Qxf5 $18 (33. Qg2 Qg6 $16)) (31... Nb6 $5 {[%cal Rb6c4]} 32. Rc2 Qd8 $15) 32. Qf3 {This move loses the game for White.} (32. Rc2 $17) 32... Rxa2 $19 33. f6 (33. Rcc1 $142) 33... Bf8 34. Rxc6 $2 {[#]} (34. Rg2 Rxg2 35. Kxg2) 34... Ra3 (34... Rxc6 $142 35. Qxc6 {[#]} Nxf6 $1 {[%mdl 512]}) 35. Rb1 $2 (35. Rxc8 {keeps fighting.} Qxc8 36. Bb2) 35... Nb6 {Strongly threatening ...Nd5.} 36. Rxc8 $2 (36. Qg2) 36... Qxc8 37. Qe2 {Accuracy: White = 50%, Black = 86%.} 0-1

[Event "73rd RUS-ch Higher League 2020"]
[Site "Sochi"]
[Date "2020.10.08"]
[Round "1.11"]
[White "Ponkratov, Pavel"]
[Black "Makarian, Rudik"]
[Result "1-0"]
[WhiteElo "2628"]
[BlackElo "2441"]
[Annotator "TA"]
[PlyCount "61"]
[EventDate "2020.10.08"]
[EventType "swiss"]
[EventCountry "RUS"]
[SourceTitle "playchess.com"]
[Source "ChessBase"]
[SourceQuality "1"]

{[%evp 9,61,-18,-8,-12,-11,-13,-14,-13,-16,-16,-14,-16,0,-23,0,4,29,11,27,33,28,-5,77,78,123,117,158,125,219,218,218,210,203,200,221,214,261,204,208,152,141,135,145,135,893,890,877,874,874,866,806,808,29995,29996]} 1. e4 c6 2. d4 d5 3. e5 Bf5 4. g4 Be4 5. f3 Bg6 6. e6 {B12: Caro-Kann: Advance Variation.} fxe6 {is now debated instead of 6...Qd6.} 7. h4 {[#]} c5 $146 ({Predecessor:} 7... h6 8. Bd3 Bxd3 9. Qxd3 e5 10. dxe5 e6 11. Ne2 Ne7 12. Nf4 Qd7 13. Be3 Na6 {1-0 (38) Mamedyarov,S (2764)-Jobava,B (2603) chess.com INT 2020}) 8. h5 {The position is equal.} Bf7 9. f4 Nc6 10. Nf3 cxd4 11. Nxd4 Qb6 12. Nxc6 bxc6 13. Qe2 e5 14. fxe5 {Strongly threatening e6.} e6 15. Nd2 Bc5 (15... Be7 $11 {keeps the balance.}) 16. Nb3 $16 Ne7 17. Bd2 a5 18. O-O-O a4 (18... Bf2 $16) 19. Nxc5 $18 Qxc5 20. Be3 Qa5 21. Qf2 a3 {...axb2+ is the strong threat.} 22. b3 $1 Qc7 23. Qg3 Qa5 24. Bd2 Qb6 25. Qf4 O-O 26. Bd3 $1 c5 $2 {[%mdl 8192] [#] A mistake that costs the game.} (26... Bg6 $16 27. Qb4 Qxb4 28. Bxb4 Bxd3 29. Rxd3 (29. cxd3 c5 $14) 29... Rf7) 27. Bxh7+ $1 {[%mdl 512]} Kxh7 {[#]} 28. h6 $1 {[%cal Rh6g7] hxg7+ would kill now.} Ng8 29. hxg7+ Kxg7 {[#]} 30. Qh2 $1 {[%csl Gh1][%cal Rh2h7]} Rfb8 31. Bh6+ {Accuracy: White = 92%, Black = 49%.} 1-0

[Event "73rd RUS-ch Higher League 2020"]
[Site "Sochi"]
[Date "2020.10.08"]
[Round "1.12"]
[White "Shuvalova, Polina"]
[Black "Alekseev, Evgeny"]
[Result "1/2-1/2"]
[WhiteElo "2441"]
[BlackElo "2626"]
[Annotator "TA"]
[PlyCount "129"]
[EventDate "2020.10.08"]
[EventType "swiss"]
[EventCountry "RUS"]
[SourceTitle "playchess.com"]
[Source "ChessBase"]
[SourceQuality "1"]

{[%evp 18,129,27,18,29,20,27,-38,86,46,89,82,84,79,87,68,55,48,124,135,141,145,149,139,152,138,121,117,180,35,55,29,79,84,86,83,73,70,78,78,100,106,103,72,70,49,42,29,37,14,16,16,13,21,8,0,17,17,17,8,31,31,45,8,31,31,31,31,31,31,45,31,31,31,31,16,16,16,31,16,31,0,31,31,45,31,31,31,31,31,31,31,31,31,45,31,31,31,31,0,31,0,45,31,31,0,0,0,0,0,0,0,0,0]} 1. d4 Nf6 2. c4 e6 3. g3 c5 4. d5 exd5 5. cxd5 d6 6. Nc3 g6 7. Bg2 Bg7 8. Nf3 O-O 9. O-O Re8 10. Re1 Na6 {A62: Modern Benoni: Fianchetto Variation without early ...Nbd7.} 11. Nd2 {11.Bf4 is the modern continuation.} Nc7 12. Nc4 ({White should try} 12. a4 $11) 12... Rb8 (12... b5 $15 13. Nxd6 Qxd6) 13. Bf4 Bf8 14. a4 Nh5 15. Bd2 b6 {[#]} 16. Nb5 $146 ({Predecessor:} 16. e4 Ba6 17. b3 Bg7 18. Rc1 Bxc4 19. bxc4 a6 20. Rb1 Qd7 21. Bf1 Bd4 22. Rb3 {0-1 (28) Ivanov,B (1889)-Panaiotov,J (2219) Sunny Beach 2008}) 16... Ba6 17. Qb3 Ra8 (17... Qd7 $14) 18. e4 $16 Bxb5 19. axb5 Qd7 20. e5 Qxb5 {[#]} 21. Qa2 $1 Qd7 22. exd6 Bxd6 (22... Nb5 $16) 23. Rad1 (23. Rxe8+ $18 Rxe8 24. Qxa7) 23... Nb5 $14 24. Qa4 Red8 25. Ra1 Rab8 26. Nxd6 Nxd6 27. Qxa7 Qxa7 28. Rxa7 Rb7 29. Rxb7 Nxb7 30. Bg5 f6 31. Bh6 {[#] And now g4 would win.} Nd6 32. g4 Ng7 33. Re7 Ngf5 34. gxf5 Nxf5 35. Re6 {Strongly threatening Bd2.} Nxh6 36. Rxb6 $11 {[%mdl 4096] Endgame KRB-KRN} Nf5 37. Rxf6 Rb8 38. Be4 Rxb2 39. Bxf5 {Black must now prevent Be6+.} gxf5 {KR-KR} 40. Rc6 Kg7 41. Rxc5 Rd2 42. Rc7+ Kg6 43. Rd7 Kg5 44. Rxh7 Rxd5 45. Kg2 Rd4 46. Rg7+ Kf6 47. Rg3 Rc4 48. Ra3 Kg5 49. Rg3+ Kf6 50. h3 Rb4 51. Ra3 Kg5 52. Kg3 Rc4 53. Ra8 Rc3+ 54. Kg2 Rc4 55. Rg8+ Kf6 56. Re8 Kg5 57. Kf3 Rc3+ 58. Kg2 Rc4 59. Rg8+ Kf6 60. Rh8 Kg5 61. Kf3 Rc3+ {The position is equal.} 62. Ke2 Rc2+ 63. Ke3 Rc3+ 64. Kd2 Ra3 65. Ke2 {Accuracy: White = 84%, Black = 85%.} 1/2-1/2

[Event "73rd RUS-ch Higher League 2020"]
[Site "Sochi"]
[Date "2020.10.08"]
[Round "1.13"]
[White "Zvjaginsev, Vadim"]
[Black "Gaifullin, Artur"]
[Result "0-1"]
[WhiteElo "2617"]
[BlackElo "2440"]
[Annotator "TA"]
[PlyCount "68"]
[EventDate "2020.10.08"]
[EventType "swiss"]
[EventCountry "RUS"]
[SourceTitle "playchess.com"]
[Source "ChessBase"]
[SourceQuality "1"]

{[%evp 11,68,19,18,0,9,7,8,3,4,10,2,0,0,-6,17,1,9,8,2,0,0,3,13,0,0,0,-5,-20,-53,-56,0,-99,-106,-114,-69,-80,-64,-204,-172,-229,-224,-206,-180,-203,-168,-147,-145,-325,-20,-52,-43,-418,-419,-711,-662,-905,-880,-1016,-1000]} 1. e4 e5 2. Nf3 Nc6 3. d4 exd4 4. Nxd4 Bc5 5. Nxc6 Qf6 6. Qf3 bxc6 7. Nd2 {[%cal Bb1d2,Bd2b3,Bb3d4][%mdl 32] C45: Scotch Game.} (7. Nc3 {is interesting.} Bd4 8. Bc4 Ne7 9. Qg3 Qg6 10. Ne2) 7... d6 8. Bd3 Qxf3 9. gxf3 {The position is equal.} Ne7 10. Nb3 Bb6 11. a4 a5 12. Be3 {[#]} Be6 $146 ({Predecessor:} 12... f5 13. Bxb6 cxb6 14. Rg1 fxe4 15. fxe4 O-O 16. O-O-O Bb7 17. Rg2 Rae8 18. Nd4 Bc8 {½-½ (34) Radjabov,T (2742)-Eljanov,P (2681) Kemer 2007}) 13. Bxb6 cxb6 14. Nd4 O-O 15. O-O-O Rad8 16. Rd2 c5 17. Nb5 d5 18. exd5 Rxd5 19. Rhd1 (19. Re1 $5 {[%cal Rb5c7]}) 19... Rh5 $36 {[%mdl 2048] Black is pushing.} 20. Nc7 Nd5 (20... Rxh2 $15 21. Re1 Nd5 22. Nxe6 fxe6) 21. Nxe6 (21. Nxd5 $11 Bxd5 22. Bxh7+ Kxh7 23. Rxd5 Rxh2 24. Rd6) 21... fxe6 $17 22. Re1 Nf4 (22... Rxh2 $6 23. Rxe6 Nf4 24. Rxb6 $11) 23. Bc4 Rxh2 24. b3 ({White should try} 24. Bxe6+ $15 Nxe6 25. Rxe6) 24... h5 $19 25. Rd6 h4 ({Much less strong is} 25... Rxf2 26. Rxb6 h4 27. Rh1) 26. Rxb6 Rxf2 27. Rb5 h3 {aiming for ...h2.} ({Less strong is} 27... Rxf3 28. Rxa5 Rc8 29. Ra7 $11) 28. Rxa5 h2 ({Much worse is} 28... Rxf3 $6 29. Rxc5 h2 30. Rh1 $11) 29. Rh1 $2 {[#]} (29. Kb2 $17 {was the only chance.}) 29... Nh5 $2 (29... Rf5 $1 $19 {And now ...Rg5 would win.} 30. Ra8+ Kh7) 30. Rxc5 $11 Ng3 31. Rd1 $2 {[%mdl 8192]} ({Better is} 31. Bxe6+ $15 Kh7 32. Rxh2+ Rxh2 33. Bd5) 31... Rg2 $19 {Strongly threatening ...Rg1.} 32. Bxe6+ (32. Re5 $142 Rg1 33. Rxe6) 32... Kh7 {Threatens to win with ...Rg1.Black is clearly winning.} 33. Rc4 g5 34. Rc7+ Kh8 {Accuracy: White = 54%, Black = 80%.} 0-1

[Event "73rd RUS-ch Higher League 2020"]
[Site "Sochi"]
[Date "2020.10.08"]
[Round "1.14"]
[White "Lugovskoy, Maxim"]
[Black "Kobalia, Mikhail"]
[Result "1/2-1/2"]
[WhiteElo "2420"]
[BlackElo "2614"]
[Annotator "TA"]
[PlyCount "80"]
[EventDate "2020.10.08"]
[EventType "swiss"]
[EventCountry "RUS"]
[SourceTitle "playchess.com"]
[Source "ChessBase"]
[SourceQuality "1"]

{[%evp 9,80,1,11,-11,-5,-25,-20,-22,-20,-27,-22,-31,-31,-25,-14,-7,-15,-24,-19,-50,-16,-22,-8,-12,0,-38,-34,-45,-20,-17,-18,-14,-12,-24,-17,-19,0,0,0,0,0,0,19,16,18,0,9,0,20,13,13,4,4,-13,-18,-53,-45,-43,-14,-14,0,-18,0,-15,0,-16,0,-14,0,-21,0,-33,0]} 1. d4 Nf6 2. Nf3 d5 3. g3 c6 4. Bg2 Bf5 5. O-O h6 6. c3 {D02: 1 d4 d5 2 Nf3 sidelines, including 2...Nf6 3 g3 and 2...Nf6 3 Bf4.} e6 7. Bf4 Be7 8. Re1 {The position is equal.} O-O {[#]} 9. h3 $146 ({Predecessor:} 9. Nfd2 c5 10. Bxb8 Rxb8 11. e3 cxd4 12. cxd4 Qa5 13. a3 Rfc8 14. Nc3 b5 15. b4 {0-1 (41) Cirjan,D (1966)-Bokros,A (2489) Corund 2016}) 9... c5 10. Nbd2 Nc6 11. Qb3 Qb6 (11... Qc8 {feels hotter.} 12. dxc5 Bxc5 13. g4 Bh7 14. e3 Rd8) 12. Qxb6 axb6 13. g4 Bh7 14. Bc7 Ra6 15. e3 Rc8 16. Bh2 h5 17. gxh5 Nxh5 18. e4 Nf6 {[%cal Rf6e4]} 19. exd5 Nxd5 20. Ne5 Rd8 21. Ndf3 {[%cal Bd2f3,Bf3e5,Be5g4][%mdl 32]} Nxe5 22. Bxe5 c4 23. Bg3 b5 {White must now prevent ...b4.} 24. a3 $1 Rda8 25. Ne5 Rd8 26. Ng4 Rd7 27. Ne5 Rd8 28. Ng4 Rd7 29. h4 f6 30. Ne3 Nxe3 31. Rxe3 b4 32. a4 Bf5 33. Ree1 Kf7 34. Bf1 Rc6 35. Bg2 Ra6 36. Bf1 Rc6 37. Bg2 Ra6 38. Bf1 Rc6 39. Bg2 Ra6 40. Bf1 Rc6 {Accuracy: White = 91%, Black = 90%.} 1/2-1/2

[Event "73rd RUS-ch Higher League 2020"]
[Site "Sochi"]
[Date "2020.10.08"]
[Round "1.15"]
[White "Khismatullin, Denis"]
[Black "Rodin, Dmitrij"]
[Result "1-0"]
[WhiteElo "2604"]
[BlackElo "2388"]
[Annotator "TA"]
[PlyCount "51"]
[EventDate "2020.10.08"]
[EventType "swiss"]
[EventCountry "RUS"]
[SourceTitle "playchess.com"]
[Source "ChessBase"]
[SourceQuality "1"]

{[%evp 16,51,42,42,33,37,28,31,60,67,77,70,79,79,101,95,120,117,115,114,168,157,185,179,270,269,269,265,325,321,403,403,405,386,498,467,472,476]} 1. d4 Nf6 2. c4 e6 3. g3 d5 4. Nf3 Be7 5. Bg2 O-O 6. O-O dxc4 7. Qc2 a6 8. a4 $1 {8.a4 scores better than 8.Qxc4.} Nc6 9. Qxc4 a5 {E05: Open Catalan: 5 Nf3 Be7.} 10. Nc3 Nb4 11. Rd1 b6 {White is slightly better.} 12. Ne5 $1 Ba6 13. Nb5 Rc8 {[#] aiming for ...c6!} 14. Bd2 $146 ({Predecessor:} 14. Nc6 Nxc6 15. Bxc6 Nd5 16. Bd2 Bb4 17. e4 Bxd2 18. exd5 exd5 19. Bxd5 Bb4 20. Rac1 {½-½ (44) Paehtz,E (2482)-Sowray,P (2308) England 2015}) 14... Nfd5 {[#]} 15. Qb3 $1 Qe8 16. e4 Nf6 17. Rac1 $36 {[%mdl 2048] Black is under strong pressure.} c5 {[#]} (17... c6 $16 18. Na7 Rc7) 18. d5 $1 $18 exd5 19. exd5 Bd8 (19... Bxb5 {was necessary.} 20. axb5 a4 21. Qxa4 Nfxd5 22. Bxb4 Nxb4) 20. Re1 Bxb5 21. axb5 {Threatens to win with Bh3.} Qxb5 {With the idea ...a4.} 22. Bf1 Qe8 23. Bxb4 axb4 24. Bh3 Ra8 25. Nc6 Ne4 {If Black can now play ...f5 this consolidates a bit.} 26. Bf5 {Black did not feel at home in the position after the opening. Accuracy: White = 100%, Black = 48%.} 1-0

[Event "73rd RUS-ch Higher League 2020"]
[Site "Sochi"]
[Date "2020.10.08"]
[Round "1.16"]
[White "Obgolts, Erik"]
[Black "Chigaev, Maksim"]
[Result "0-1"]
[WhiteElo "2376"]
[BlackElo "2598"]
[Annotator "TA"]
[PlyCount "128"]
[EventDate "2020.10.08"]
[EventType "swiss"]
[EventCountry "RUS"]
[SourceTitle "playchess.com"]
[Source "ChessBase"]
[SourceQuality "1"]

{[%evp 16,128,15,14,18,23,18,6,18,0,0,0,0,0,0,0,0,0,0,-5,-16,-73,-66,-75,-67,-67,-32,-35,-41,-47,-44,-27,-31,-74,-59,-66,-71,-78,-79,-81,-81,-81,-81,-81,-79,-161,-156,-130,-108,-93,-97,-89,-91,-217,-224,-206,-217,-187,-126,-214,-223,-222,-213,-325,-298,-308,-295,-323,-312,-362,-357,-512,-508,-430,-430,-1554,-1367,-1404,-1415,-1367,-1367,-1168,-1239,-1083,-1020,-929,-631,-29949,-12824,-29970,-29971,-29970,-29972,-29972,-29973,-29973,-29974,-29975,-29978,-29978,-29979,-29979,-29980,-29980,-29981,-29981,-29982,-29982,-29983,-29982,-29984,-29984,-29985,-29985,-29985]} 1. d4 Nf6 2. Nf3 g6 3. g3 Bg7 4. Bg2 c5 5. O-O cxd4 6. Nxd4 O-O 7. c4 d5 8. cxd5 Nxd5 9. Nc3 Nb6 {D75: Fianchetto Grünfeld: Main Line with 7...c5.} 10. Ndb5 {Qxd8 is the strong threat.} Nc6 11. Bf4 Bf5 {The position is equal.} 12. e4 {[#]} Qxd1 $146 ({Predecessor:} 12... Bd7 13. Bc7 Qc8 14. Rc1 Bg4 15. f3 Be6 16. b3 a6 17. Bxb6 axb5 18. Rf2 Ra6 {½-½ (31) Romizin,N (2388)-Zolochevsky,V (2051) ICCF email 2007}) 13. Raxd1 Bg4 14. f3 Be6 15. Nc7 Rad8 16. Nxe6 fxe6 17. Bh3 Kf7 $1 18. Bc1 (18. Kh1 $11) 18... Bxc3 $17 19. bxc3 Na4 20. c4 Rxd1 21. Rxd1 Nc3 22. Rd2 Rd8 23. Rxd8 Nxd8 $15 {[%mdl 4096] Endgame KBB-KNN} 24. Be3 Nc6 25. a3 Nb1 26. Bc1 Ne5 {[%mdl 64] Double Attack} 27. Bf1 Nxf3+ 28. Kg2 Nbd2 29. Be2 Nb3 {aiming for ...Nfd4.} 30. Be3 (30. Kxf3 $17 {is a better defense.} Nxc1 31. e5) 30... Nfd4 $19 31. Bd1 e5 32. Bxb3 Nxb3 33. Bxa7 $17 {KB-KN} Nd2 34. Be3 (34. Bc5 $17) 34... Nxc4 $19 35. Bc1 Ke6 36. Kf3 Kd6 (36... Kd7 $1 $19 37. Kg4 e6) 37. Ke2 (37. Kg4 $17) 37... Kc5 38. Kd3 Kb5 39. h3 (39. Bg5 $142 Nxa3 40. Bxe7) 39... Nb6 40. Bg5 e6 41. Be7 Nd7 42. g4 Ka4 43. h4 (43. Kc2 {keeps fighting.} b5 44. Bd6) 43... h5 44. gxh5 gxh5 45. Bb4 (45. Kc3 $142 b6 46. Bd6) 45... Kb3 46. Bd6 b5 47. Ke2 Nb6 48. Bxe5 Nc4 49. Bg7 Nxa3 50. Ke3 Nc4+ 51. Kf4 b4 52. Bf8 Kc3 {Black mates.} 53. Bxb4+ Kxb4 {KN-KPP} 54. Kg5 Kc5 55. Kxh5 Kd4 56. Kg5 {[#]} Ke5 $1 57. h5 Nd6 58. Kg6 Nxe4 {KN-KP} 59. h6 Nf6 60. Kg5 Nh7+ 61. Kg6 {[#]} Nf8+ $1 62. Kg5 Ke4 63. Kf6 e5 64. Kg7 Kf5 {Accuracy: White = 59%, Black = 95%.} 0-1

[Event "73rd RUS-ch Higher League 2020"]
[Site "Sochi"]
[Date "2020.10.08"]
[Round "1.17"]
[White "Sakaev, Konstantin"]
[Black "Sergeyev, Alexander"]
[Result "1-0"]
[WhiteElo "2596"]
[BlackElo "2374"]
[Annotator "TA"]
[PlyCount "97"]
[EventDate "2020.10.08"]
[EventType "swiss"]
[EventCountry "RUS"]
[SourceTitle "playchess.com"]
[Source "ChessBase"]
[SourceQuality "1"]

{[%evp 9,97,39,77,70,85,75,97,66,84,93,87,62,59,50,68,61,58,72,96,84,121,110,114,109,147,145,135,142,150,150,146,140,133,146,160,148,159,131,134,141,156,143,197,189,184,185,199,184,176,181,177,147,152,0,126,125,404,394,687,678,653,664,643,643,825,511,484,468,442,448,387,385,476,439,438,369,523,546,558,501,1133,457,425,424,708,413,816,800,1215,1208]} 1. d4 Nf6 2. c4 c6 3. Nc3 d5 4. e3 Qb6 5. Qc2 Na6 6. a3 {[#] D10: Slav Defence: 3 cxd5 (without early Nf3) and 3 Nc3.} Qd8 $146 ({Predecessor:} 6... g6 7. cxd5 Nxd5 8. Nf3 Bg7 9. Na4 Qc7 10. Bd2 Nb8 11. Bc4 e6 12. Bd3 Nd7 {1-0 (57) Hodzic,N (2266)-Petrovic,M (2083) Sarajevo 2017}) 7. Nf3 Nc7 8. Bd3 {White is better.} Bg4 9. Ne5 e6 10. cxd5 exd5 11. O-O Bd6 12. f4 Bd7 13. Bd2 Ne6 14. Be1 a6 15. Bh4 Be7 16. Rae1 Rc8 17. f5 Nc7 18. e4 O-O 19. Nxd7 Nxd7 20. Bxe7 Qxe7 {[#]} 21. e5 $1 {Black must now prevent f6.} f6 {[%cal Rf6e5]} 22. e6 Nb6 23. Qb3 Nb5 24. a4 (24. Bxb5 axb5 25. Na2 Nc4 $14) 24... Nxc3 25. bxc3 ({Of course not} 25. Qxc3 $6 Nxa4 26. Qd2 Rfd8 $11) 25... Nc4 (25... Na8 $16 26. g4 b5) 26. Bxc4 $18 dxc4 27. Qxc4 b5 28. axb5 cxb5 29. Qb4 $36 {[%mdl 2048] White is in control.} Qb7 30. Re3 Qd5 31. Qb1 $2 ({Better is} 31. Qa3 $16) 31... a5 (31... Rxc3 $1 $11 32. Qe4 (32. Rxc3 Qxd4+ {[%mdl 64] Double Attack} 33. Kh1 Qxc3 $11) 32... Qxe4 33. Rxe4 Rfc8) 32. Rd1 a4 $2 {[%mdl 8192] [#] Loses the game.} (32... Rfd8 $16 33. g4 Rc7) 33. Qe4 $1 {[%cal Re4d5]} Qb3 $2 (33... Qxe4 34. Rxe4 Rc4) 34. Rb1 Qa2 35. Re2 Qc4 36. d5 Qxc3 37. Rxb5 Rc4 38. Qe3 Qd4 39. Qxd4 Rxd4 {[%mdl 4096] Endgame KRR-KRR} 40. Ra5 g6 41. fxg6 hxg6 42. Ra2 Kg7 (42... Rd1+ {is a better defense.} 43. Kf2 Rd8 44. R2xa4 (44. R5xa4 R1xd5 45. Rg4 g5 $16) 44... Rd2+ 45. Kg3 Kf8) 43. R2xa4 Rd1+ 44. Kf2 f5 (44... Rc8 $142 45. Ke2 Rcc1) 45. Ra2 (45. Ke2 $142 Rb1 46. d6) 45... Kf6 46. Re2 Rb8 (46... Re8 $142 47. Ke3 Rd8) 47. h3 g5 (47... Re8 $142 48. Kf3 g5) 48. e7 Kf7 {[#]} 49. d6 $1 {Accuracy: White = 78%, Black = 47%.} 1-0